| 000 | 00848nam a22002531u 4500 | ||
|---|---|---|---|
| 001 | 05082 | ||
| 003 | HDC | ||
| 007 | cr bn ---aaaaa | ||
| 008 | 210118p2014 o d 00 engg | ||
| 040 | _aHDC | ||
| 100 |
_aMukherjee, S. Romi _eauthor _94583 |
||
| 245 | 0 |
_aGlobal Halal: Meat, Money, and Religion / by _cS. Romi Mukherjee |
|
| 260 |
_a[no place] : _b[publisher not identified], _c2014 |
||
| 300 | _a 1 online resource (54 pages) | ||
| 336 |
_atext _2rdacontent |
||
| 337 |
_acomputer _2rdamedia |
||
| 338 |
_aonline resource _2rdacarrier |
||
| 650 |
_aHalal industry _9144 |
||
| 650 |
_ameat _91368 |
||
| 856 | _zRequest full-text at [email protected] | ||
| 942 | _2lcc | ||
| 942 | _cAR | ||
| 942 | _kJART 001289 | ||
| 999 |
_c2406 _d2406 |
||